The path of daggers / (Record no. 133376)
[ view plain ]
| 000 -LEADER | |
|---|---|
| fixed length control field | 01520pam a2200397 a 4500 |
| 008 - FIXED-LENGTH DATA ELEMENTS--GENERAL INFORMATION | |
| fixed length control field | 000712t19991998nyub 000 1 eng d |
| 020 ## - INTERNATIONAL STANDARD BOOK NUMBER | |
| International Standard Book Number | 0812550293 |
| 035 ## - SYSTEM CONTROL NUMBER | |
| System control number | 32973C2EAA9D42C7A913F42323E98038 |
| 040 ## - CATALOGING SOURCE | |
| Original cataloging agency | ICrlF |
| Transcribing agency | ICrlF |
| Modifying agency | ICrlF |
| 050 00 - LIBRARY OF CONGRESS CALL NUMBER | |
| Classification number | PS3560.O7617 |
| Item number | P38 1999 |
| 082 04 - DEWEY DECIMAL CLASSIFICATION NUMBER | |
| Classification number | 813/.54 |
| Edition number | 21 |
| 035 ## - SYSTEM CONTROL NUMBER | |
| System control number | 32973C2EAA9D42C7A913F42323E98038 |
| 005 - DATE AND TIME OF LATEST TRANSACTION | |
| control field | 20241220142830.0 |
| 001 - CONTROL NUMBER | |
| control field | 32156 |
| 003 - CONTROL NUMBER IDENTIFIER | |
| control field | DCL |
| 100 1# - MAIN ENTRY--PERSONAL NAME | |
| Personal name | Jordan, Robert, |
| Dates associated with a name | 1948-2007. |
| 9 (RLIN) | 43436 |
| 245 14 - TITLE STATEMENT | |
| Title | The path of daggers / |
| Statement of responsibility, etc | Robert Jordan. |
| 250 ## - EDITION STATEMENT | |
| Edition statement | 1st mass market ed. |
| 260 ## - PUBLICATION, DISTRIBUTION, ETC. (IMPRINT) | |
| Place of publication, distribution, etc | New York : |
| Name of publisher, distributor, etc | TOR, |
| Date of publication, distribution, etc | 1999, c1998. |
| 300 ## - PHYSICAL DESCRIPTION | |
| Extent | 604 p. : |
| Other physical details | maps (some col.) ; |
| Dimensions | 25 cm. |
| 490 1# - SERIES STATEMENT | |
| Series statement | Wheel of time ; |
| Volume number/sequential designation | bk. 8 |
| 490 0# - SERIES STATEMENT | |
| Series statement | TOR fantasy |
| 500 ## - GENERAL NOTE | |
| General note | Sequel to: A crown of swords. |
| 500 ## - GENERAL NOTE | |
| General note | "A Tom Doherty Associates book." |
| 500 ## - GENERAL NOTE | |
| General note | Color map on endpaper. |
| 510 0# - CITATION/REFERENCES NOTE | |
| Name of source | Pub Weekly |
| 510 0# - CITATION/REFERENCES NOTE | |
| Name of source | Booklist |
| 510 0# - CITATION/REFERENCES NOTE | |
| Name of source | Voice of Youth Advocates (V.O.Y.A.) |
| 520 ## - SUMMARY, ETC. | |
| Summary, etc | After Nynaeve and his friends conquer the Seanchan forces they travel to Caemyln to reclaim the throne, but on their way they encounter enemies more powerful than they imagined, and they may have to sacrifice their lives to save the world. |
| 521 2# - TARGET AUDIENCE NOTE | |
| Target audience note | Young Adult |
| Source | Follett Library Resources. |
| 650 #0 - SUBJECT ADDED ENTRY--TOPICAL TERM | |
| Topical term or geographic name as entry element | Kings and rulers |
| Form subdivision | Fiction. |
| 9 (RLIN) | 5685508 |
| 650 #7 - SUBJECT ADDED ENTRY--TOPICAL TERM | |
| Topical term or geographic name as entry element | Kings and rulers |
| Form subdivision | Fiction. |
| Source of heading or term | sears |
| 9 (RLIN) | 5685508 |
| 650 #7 - SUBJECT ADDED ENTRY--TOPICAL TERM | |
| Topical term or geographic name as entry element | Fantasy fiction. |
| Source of heading or term | sears |
| 9 (RLIN) | 6285738 |
| 800 1# - SERIES ADDED ENTRY--PERSONAL NAME | |
| Personal name | Jordan, Robert, |
| Dates associated with a name | 1948- |
| Title of a work | Wheel of time ; |
| Volume/sequential designation | bk. 8. |
| 9 (RLIN) | 5816299 |
| 942 ## - ADDED ENTRY ELEMENTS (KOHA) | |
| Koha item type | UNKNOWN |
| Withdrawn status | Lost status | Source of classification or shelving scheme | Damaged status | Not for loan | Collection code | Home library | Current library | Shelving location | Date acquired | Source of acquisition | Cost, normal purchase price | Total Checkouts | Total Renewals | Full call number | Barcode | Date last seen | Date checked out | Cost, replacement price | Price effective from | Koha item type |
|---|---|---|---|---|---|---|---|---|---|---|---|---|---|---|---|---|---|---|---|---|
| Dewey Decimal Classification | Fiction | Wasatch County Library | Wasatch County Library | First Floor | 07/19/2014 | Donation | 27.95 | 11 | 8 | F Jordan | 34301001293754 | 03/03/2026 | 02/02/2026 | 27.95 | 03/20/2020 | BOOK |
